000 00196 a2200085 4500
020 _a9782090384437
245 _aConjugaison progressive du francais
260 _bCLE International
_c2018
942 _cBK
999 _c58001
_d58001